[Event "SR 2. liga A 2002/2003"]
[Site "?"]
[Date "2002.11.10"]
[Round "4.2"]
[White "Petreje, Juraj"]
[Black "Seitler, Andrej"]
[Result "0-1"]
[WhiteElo "2180"]
[BlackElo "2149"]
[PlyCount "74"]
[EventDate "2002.??.??"]

1. Nf3 d5 2. g3 Nf6 3. Bg2 e6 4. O-O Bd6 5. c4 O-O 6. Qc2 Nbd7 7. d4 c6 8. b3
Ne4 9. Bb2 Qc7 10. Nc3 f5 11. Rac1 Rb8 12. Nd2 Ndf6 13. Ndxe4 dxe4 14. e3 h5
15. Rfd1 h4 16. Qe2 hxg3 17. fxg3 Kf7 18. Rf1 Rh8 19. Rcd1 Ke7 20. d5 Bd7 21.
dxc6 Bxc6 22. a4 Ng4 23. Nd5+ Bxd5 24. cxd5 Bxg3 25. h3 Bh2+ 26. Kh1 Be5 27.
Bc1 g5 28. Ba3+ Bd6 29. Qb2 Rh7 30. Kg1 Nxe3 31. Qe5 Bxa3 32. Qxe6+ Kf8 33. d6
Qd8 34. Bxe4 Nxf1 35. Bd5 Bc5+ 36. Kxf1 Kg7 37. Qf7+ Kh8 0-1

[Event "SR 2. liga A 2002/2003"]
[Site "?"]
[Date "2002.11.10"]
[Round "4.2"]
[White "Smolen, Jan"]
[Black "Kantorik, Marian"]
[Result "1-0"]
[WhiteElo "2247"]
[BlackElo "2315"]
[PlyCount "131"]
[EventDate "2002.??.??"]

1. c4 Nf6 2. Nc3 e6 3. e3 b6 4. b3 Bb7 5. Bb2 Be7 6. Nf3 O-O 7. Be2 c5 8. O-O
d5 9. d4 Nbd7 10. cxd5 exd5 11. Rc1 Rc8 12. Qd3 a6 13. Rfd1 c4 14. Qb1 b5 15.
bxc4 dxc4 16. d5 Qb6 17. a3 a5 18. Nxb5 Qxb5 19. Bxf6 Qxb1 20. Rxb1 Nxf6 21.
Rxb7 Bxa3 22. Ne1 c3 23. Nc2 Bb2 24. d6 Rc5 25. d7 Rd5 26. Rxd5 Nxd5 27. Ra7
Rd8 28. Rxa5 Nf6 29. Bb5 Kf8 30. Ra7 Ke7 31. Kf1 Kd6 32. Ke2 Nxd7 33. Rxd7+
Rxd7 34. Bxd7 Kxd7 35. Kd3 Kd6 36. Nb4 f5 37. Na2 c2 38. Kxc2 Be5 39. h3 Ke6
40. Kd3 Kf6 41. Nb4 g5 42. f3 Bg3 43. e4 h5 44. Kd4 Ke6 45. Nd3 fxe4 46. fxe4
Kf6 47. Kd5 g4 48. hxg4 hxg4 49. e5+ Kf5 50. e6 Bh4 51. g3 Be7 52. Ne5 Bf8 53.
Nc4 Bb4 54. Ne3+ Kf6 55. Nxg4+ Ke7 56. Nf2 Kf6 57. g4 Bf8 58. Ne4+ Ke7 59. Ke5
Bg7+ 60. Kf5 Bb2 61. g5 Bd4 62. Nf6 Bb2 63. Nd5+ Kd6 64. e7 Kd7 65. Kg6 Ke8 66.
Kh7 1-0

[Event "SR 2. liga A 2002/2003"]
[Site "?"]
[Date "2002.11.10"]
[Round "4.3"]
[White "Bisco, Igor"]
[Black "Kubovic, Ladislav"]
[Result "1-0"]
[WhiteElo "2120"]
[BlackElo "2146"]
[PlyCount "81"]
[EventDate "2002.??.??"]

1. e4 e6 2. d4 c5 3. Nf3 Be7 4. Nc3 d6 5. dxc5 dxc5 6. Qxd8+ Bxd8 7. Be3 Be7 8.
O-O-O a6 9. Ne5 b5 10. a4 f6 11. Nd3 b4 12. Na2 Nd7 13. Kb1 Bb7 14. f3 Nh6 15.
Nf4 Nf8 16. Bc4 Kf7 17. Nc1 Bc6 18. b3 Bb7 19. Nce2 g5 20. Nd3 Rc8 21. h4 Kg7
22. hxg5 fxg5 23. Nd4 e5 24. Ne2 Nf7 25. Ng3 Nd6 26. Nxe5 Ng6 27. Nh5+ Kf8 28.
Nd7+ Ke8 29. Nhf6+ Bxf6 30. Nxf6+ Ke7 31. Bxg5 Nxc4 32. bxc4 Bc6 33. Nd7+ Kf7
34. Nb6 Rce8 35. a5 h5 36. Be3 Re5 37. Rd6 Be8 38. Nd7 Ke7 39. Rhd1 Re6 40.
Bg5+ Kf7 41. Rxe6 1-0

[Event "SR 2. liga A 2002/2003"]
[Site "?"]
[Date "2002.11.10"]
[Round "4.3"]
[White "Kovacocy, Pavel"]
[Black "Szollos, Ondrej"]
[Result "0-1"]
[WhiteElo "2223"]
[BlackElo "2106"]
[PlyCount "72"]
[EventDate "2002.??.??"]

1. e4 d6 2. d4 Nd7 3. Nc3 e5 4. Be3 c6 5. Qd2 Ngf6 6. f3 Be7 7. Nge2 Qc7 8. g4
Nb6 9. Ng3 Be6 10. g5 exd4 11. Bxd4 Nfd7 12. Bxg7 Rg8 13. Nh5 O-O-O 14. O-O-O
Ne5 15. Be2 Nbc4 16. Bxc4 Nxc4 17. Qf4 Qa5 18. Rdg1 d5 19. exd5 cxd5 20. Bd4
Bd6 21. Qh4 Qb4 22. Nb1 Ne3 23. c3 Qa4 24. Qf2 Qxa2 25. Bxe3 Bf5 26. Kd1 Qxb1+
27. Bc1 Qa2 28. Nf6 Rge8 29. Nxe8 Rxe8 30. Be3 Qb1+ 31. Kd2 Qd3+ 32. Kc1 Rxe3
33. Rd1 Qb1+ 34. Kd2 Rd3+ 35. Ke2 Qc2+ 36. Kf1 Rxd1+ 0-1

[Event "SR 2. liga A 2002/2003"]
[Site "?"]
[Date "2002.11.10"]
[Round "4.3"]
[White "Lukac, Roman"]
[Black "Fabry, Robert"]
[Result "0-1"]
[WhiteElo "2151"]
[BlackElo "2210"]
[PlyCount "70"]
[EventDate "2002.??.??"]

1. e4 e5 2. Nf3 Nc6 3. Bb5 a6 4. Ba4 Nf6 5. O-O Be7 6. Re1 b5 7. Bb3 O-O 8. c3
d5 9. exd5 Nxd5 10. Nxe5 Nxe5 11. Rxe5 c6 12. d4 Bd6 13. Re1 Qh4 14. g3 Qh3 15.
Be3 Bg4 16. Qd3 Rae8 17. Nd2 Re6 18. Qf1 Qh5 19. a4 f5 20. f4 Rfe8 21. Qf2 bxa4
22. Rxa4 Rb8 23. Ra5 Kf8 24. Rxd5 cxd5 25. Bxd5 Rh6 26. Nc4 Rb5 27. Bc6 Bxf4
28. Bxb5 Bxe3 29. Rxe3 axb5 30. Ne5 Bh3 31. Qe1 f4 32. Qf2 Rf6 33. gxf4 g5 34.
Rf3 gxf4 35. Rxf4 Qd1+ 0-1

[Event "SR 2. liga A 2002/2003"]
[Site "?"]
[Date "2002.11.10"]
[Round "4.3"]
[White "Machalova, Veronika"]
[Black "Bury, Rastislav"]
[Result "1/2-1/2"]
[WhiteElo "2146"]
[BlackElo "1984"]
[PlyCount "135"]
[EventDate "2002.??.??"]

1. e4 e5 2. Nf3 Nc6 3. Bb5 a6 4. Ba4 Nf6 5. O-O Be7 6. Re1 b5 7. Bb3 O-O 8. h3
d6 9. c3 Bb7 10. d4 Re8 11. d5 Nb8 12. Nbd2 Bf8 13. Nf1 c6 14. dxc6 Bxc6 15.
Ng3 h6 16. Nh2 Nbd7 17. Qf3 Nc5 18. Ng4 Nxb3 19. axb3 Nxg4 20. Qxg4 Bd7 21. Nf5
Kh7 22. Qf3 Be6 23. b4 g6 24. Ne3 Qd7 25. Rd1 f5 26. Nd5 Bxd5 27. Rxd5 f4 28.
Qg4 Qf7 29. Qf3 h5 30. g3 g5 31. g4 Re6 32. Bd2 Rh6 33. Kg2 Kg6 34. Rh1 hxg4
35. hxg4 Rxh1 36. Kxh1 Be7 37. Qg2 Rh8+ 38. Kg1 f3 39. Qg3 Rh4 40. Rd3 Qe6 41.
Qxf3 Qxg4+ 42. Qxg4 Rxg4+ 43. Kf1 Rxe4 44. b3 Rh4 45. Kg2 Kf5 46. Be3 Rh8 47.
c4 Rc8 48. c5 dxc5 49. bxc5 a5 50. Rd1 a4 51. bxa4 bxa4 52. Ra1 Ra8 53. c6 a3
54. c7 Bd6 55. Bc1 Bxc7 56. Rxa3 Rxa3 57. Bxa3 e4 58. Bc1 Kg4 59. Be3 Bf4 60.
Bb6 Kh4 61. Bd8 Kh5 62. Bb6 g4 63. Bd4 Kg5 64. Bb6 Kf5 65. Bd4 Ke6 66. Bb6 Kd5
67. Kf1 Ke5 68. Ke2 1/2-1/2

[Event "SR 2. liga A 2002/2003"]
[Site "?"]
[Date "2002.11.10"]
[Round "4.3"]
[White "Michal, Silvio"]
[Black "Sochna, D."]
[Result "1/2-1/2"]
[WhiteElo "2168"]
[BlackElo "2223"]
[PlyCount "57"]
[EventDate "2002.??.??"]

1. e4 g6 2. d4 Bg7 3. Nc3 c5 4. Nf3 cxd4 5. Nxd4 d6 6. g3 Nc6 7. Nde2 Nf6 8.
Bg2 Be6 9. b3 Qd7 10. h3 O-O 11. Bb2 Rfc8 12. Rb1 Nb4 13. a3 Na6 14. Nf4 Nc5
15. O-O Rab8 16. Qe2 a6 17. Rfd1 Ne8 18. Ncd5 Bxb2 19. Rxb2 b5 20. e5 Bxd5 21.
Nxd5 Qe6 22. Re1 Nc7 23. Nb4 Rb6 24. exd6 Rxd6 25. Qxe6 N7xe6 26. Nd5 Kf8 27.
Rbb1 Rcd8 28. Ne3 Nd4 29. Kf1 1/2-1/2

[Event "SR 2. liga A 2002/2003"]
[Site "?"]
[Date "2002.11.10"]
[Round "4.3"]
[White "Mihalik, Milan"]
[Black "Hartl, Jan"]
[Result "1-0"]
[WhiteElo "2090"]
[BlackElo "2154"]
[PlyCount "95"]
[EventDate "2002.??.??"]

1. d4 Nf6 2. c4 e5 3. dxe5 Ng4 4. Nf3 Nc6 5. Nc3 Ngxe5 6. Nxe5 Nxe5 7. e3 g6 8.
Be2 Bg7 9. O-O O-O 10. Qc2 d6 11. a3 c6 12. Rd1 Qe7 13. b3 Bg4 14. Bb2 Rfd8 15.
Rd2 a5 16. Bxg4 Nxg4 17. h3 Nf6 18. Rad1 Rac8 19. Na4 b5 20. Nc3 bxc4 21. bxc4
Rb8 22. Ba1 d5 23. cxd5 cxd5 24. Qa2 Qc5 25. Ne2 Qc7 26. Bxf6 Bxf6 27. Nf4 d4
28. Nd5 Rxd5 29. Qxd5 dxe3 30. fxe3 Qg3 31. Qf3 Qe5 32. Qf4 Qxf4 33. exf4 Rb3
34. Rd3 Rb2 35. Rc1 Bh4 36. Kh2 Bf2 37. Rd5 Be3 38. Rf1 Bb6 39. a4 Bc7 40. Rc5
Bd8 41. Rd1 Rb8 42. Rd7 Kf8 43. Rb5 Rc8 44. Rbb7 Kg8 45. Rxf7 Rc4 46. Rg7+ Kf8
47. Rxh7 Kg8 48. Rhd7 1-0

[Event "SR 2. liga A 2002/2003"]
[Site "?"]
[Date "2002.11.10"]
[Round "4.4"]
[White "Chovanec, Vladimir"]
[Black "Hecko, Dusan"]
[Result "1/2-1/2"]
[WhiteElo "2031"]
[BlackElo "2168"]
[PlyCount "114"]
[EventDate "2002.??.??"]

1. e4 c6 2. d4 d5 3. exd5 cxd5 4. c3 Nf6 5. Bf4 Nc6 6. Nf3 Bg4 7. Qb3 $2 ({
Fritz kniznica} 7. Nbd2 e6 8. Bd3 Bd6) 7... Na5 8. Qa4+ Bd7 9. Bb5 Nc6 10. Ne5
Qb6 11. Nxd7 Nxd7 12. O-O e6 13. Nd2 Be7 14. c4 a6 15. Bxc6 Qxc6 16. Qxc6 bxc6
17. b3 Bf6 18. cxd5 cxd5 19. Nf3 Ke7 20. Rac1 Rhc8 21. Ne5 Bxe5 22. dxe5 Nc5
23. Rfd1 Kd7 24. Be3 Nb7 25. Kf1 Rxc1 26. Rxc1 Rc8 27. Rxc8 Kxc8 28. Ke2 Kc7
29. Kd3 Kc6 30. f3 Kb5 31. Kc3 f6 32. Bd4 f5 33. g3 h5 34. f4 Nd8 35. a4+ Kc6
36. Kb4 Nb7 37. a5 Nd8 38. Ka4 Kb7 39. Be3 Kc6 40. Kb4 Nb7 41. Bb6 Kd7 42. Ka4
Nd8 43. b4 Nc6 44. b5 Nb8 45. Kb4 Kc8 46. Bd4 axb5 47. Kc5 Kc7 48. Kxb5 Kb7 49.
Bb6 Na6 50. Bd8 Nc7+ 51. Kc5 Kc8 52. Be7 Kb7 53. Bf8 g6 54. Be7 Na6+ 55. Kb5
Nb8 56. Bc5 Na6 57. Bb6 Nb8 1/2-1/2

[Event "SR 2. liga A 2002/2003"]
[Site "?"]
[Date "2002.11.10"]
[Round "4.4"]
[White "Janos, Ivan"]
[Black "Horak, Ivan"]
[Result "0-1"]
[WhiteElo "2137"]
[BlackElo "2198"]
[PlyCount "144"]
[EventDate "2002.??.??"]

1. e4 c5 2. Nf3 d6 3. d4 cxd4 4. Nxd4 Nf6 5. Nc3 a6 6. Bc4 e6 7. Bb3 Be7 8. f4
Qc7 9. O-O Nc6 10. Nxc6 bxc6 11. Qe2 d5 12. e5 Nd7 13. Kh1 Nc5 14. Be3 Nxb3 15.
axb3 c5 16. Bd2 Qc6 17. Qg4 g6 18. Ne2 h5 19. Qf3 Bb7 20. b4 cxb4 21. Nd4 Qd7
22. c3 Rc8 23. Rfc1 Bc5 24. Qd3 bxc3 25. Rxc3 O-O 26. Rac1 Bxd4 27. Rxc8 Rxc8
28. Rxc8+ Qxc8 29. Qxd4 Qc2 30. h3 Bc6 31. Qb4 Bb5 32. f5 Qb1+ 33. Kh2 Qxf5 34.
Qd6 Kh7 35. h4 Qf2 36. Qe7 Qf5 37. Qc7 Bf1 38. Kg1 Bd3 39. Kh2 Bf1 40. Kg1 Bd3
41. Qe7 Qf1+ 42. Kh2 Be4 43. Qg5 Qf5 44. Bb4 d4 45. Bf8 Kg8 46. Bh6 Qxg5 47.
Bxg5 Kf8 48. Kg1 Ke8 49. Kf2 Kd7 50. Ke2 Kc6 51. g3 Kd5 52. Bf4 Kc4 53. Kd2 a5
54. Bg5 Kd5 55. Bf4 a4 56. Kc1 Bd3 57. Kd2 Ke4 58. Kc1 Bc4 59. Kd2 Bb3 60. Ke2
Bd5 61. Kd2 Bc4 62. Kc2 f6 63. exf6 e5 64. Bg5 Kf3 65. f7 Bxf7 66. Bf6 Ke4 67.
Kd2 Bc4 68. Bg7 Kd5 69. Bh6 e4 70. Bf4 e3+ 71. Ke1 Ke4 72. Bc7 d3 0-1

[Event "SR 2. liga A 2002/2003"]
[Site "?"]
[Date "2002.11.10"]
[Round "4.4"]
[White "Kolman, Richard"]
[Black "Miklas, Marian"]
[Result "0-1"]
[WhiteElo "2139"]
[BlackElo "2172"]
[PlyCount "84"]
[EventDate "2002.??.??"]

1. d4 Nf6 2. Nf3 g6 3. Bf4 Bg7 4. Nbd2 c5 5. e3 cxd4 6. exd4 O-O 7. Be2 d6 8.
O-O Nc6 9. c3 Re8 10. Nc4 Nd5 11. Bg3 e5 12. Ne3 Be6 13. Nc2 Nb6 14. Bb5 Bc4
15. Bxc4 Nxc4 16. d5 Ne7 17. b3 Nb6 18. Ne3 h6 19. c4 f5 20. c5 dxc5 21. Nxe5
Nexd5 22. Nxg6 Nxe3 23. fxe3 Rxe3 24. Rc1 Qe8 25. Nh4 Rd8 26. Qc2 Re2 27. Qxf5
Rdd2 28. Kh1 Nd5 29. Rxc5 Ne3 30. Rc8 Nxf5 31. Rxe8+ Rxe8 32. Nxf5 Ree2 33. Rc1
Rxa2 34. Rc8+ Kh7 35. h4 Rac2 36. Rb8 Kg6 37. Nxg7 Kxg7 38. Rxb7+ Kg6 39. Rxa7
Rxg2 40. Be5 Kf5 41. Bd6 Rgd2 42. Bh2 Rxh2+ 0-1

[Event "SR 2. liga A 2002/2003"]
[Site "?"]
[Date "2002.11.10"]
[Round "4.4"]
[White "Sukuba, Zdeno"]
[Black "Manak, Jozef"]
[Result "1/2-1/2"]
[WhiteElo "2108"]
[BlackElo "2076"]
[PlyCount "130"]
[EventDate "2002.??.??"]

1. Nf3 Nf6 2. c4 e6 3. g3 d5 4. Bg2 Be7 5. O-O O-O 6. d4 Nbd7 7. Nc3 c6 8. b3
Ne8 9. Qc2 f5 10. Bb2 Ndf6 11. Ne5 Nd6 12. f3 Bd7 13. Kh1 b6 14. e4 Rc8 15.
Rae1 b5 16. exf5 Nxf5 17. Qd3 b4 18. Ne2 Bd6 19. Nf4 Bxe5 20. Rxe5 Re8 21. Rfe1
Kf7 22. g4 g5 23. Nh3 Ng7 24. Nxg5+ Kg8 25. Nh3 Re7 26. Nf4 Qa5 27. Qb1 Rf8 28.
Bc1 Qb6 29. Qd3 Qb7 30. Bh3 Ref7 31. c5 Nfe8 32. Kg2 Rxf4 33. Bxf4 Rxf4 34. Qd2
Rf8 35. Kg3 Bc8 36. Bf1 Qf7 37. f4 a5 38. Bd3 Nc7 39. h4 Ba6 40. Bxa6 Nxa6 41.
h5 h6 42. Rf1 Nc7 43. Rf2 Nb5 44. Qd3 Nc3 45. Qa6 Ne4+ 46. Rxe4 dxe4 47. Qxc6
e3 48. Rf3 Qf6 49. Qe4 Rd8 50. Rxe3 Qxd4 51. c6 Qxe4 52. Rxe4 Rd3+ 53. Kh4 Rc3
54. Re5 Rxc6 55. Rxa5 Rd6 56. Ra8+ Kf7 57. Ra7+ Kf8 58. Ra8+ Kf7 59. Ra7+ Kg8
60. Ra8+ Kh7 61. Rb8 Rd4 62. Kg3 Rd3+ 63. Kh4 Rd4 64. Kg3 Re4 65. Kf3 Rd4
1/2-1/2

[Event "SR 2. liga A 2002/2003"]
[Site "?"]
[Date "2002.11.10"]
[Round "4.4"]
[White "Toth_Vano, Peter"]
[Black "Sarmir, Milos"]
[Result "1/2-1/2"]
[WhiteElo "2088"]
[BlackElo "2160"]
[PlyCount "124"]
[EventDate "2002.??.??"]

1. e4 e5 2. Nf3 Nc6 3. d4 exd4 4. Nxd4 Nge7 5. Nc3 d6 6. Be2 Nxd4 7. Qxd4 Nc6
8. Qd1 Be7 9. Nd5 O-O 10. O-O Be6 11. Nxe7+ Qxe7 12. f4 f6 13. b3 Rad8 14. Ba3
Rfe8 15. Bd3 Qd7 16. Qh5 Bf7 17. Qh4 Bg6 18. Rae1 d5 19. f5 Bf7 20. Rf3 dxe4
21. Rh3 h6 22. Rxe4 Rxe4 23. Qxe4 Re8 24. Qf4 Ne5 25. Kf2 Qc6 26. c4 Bh5 27.
Be4 Ng4+ 28. Qxg4 Bxg4 29. Bxc6 bxc6 30. Re3 Rxe3 31. Kxe3 Bxf5 32. Kd4 Bb1 33.
Be7 Bxa2 34. Kc3 Bb1 35. Bd8 Kf7 36. Bxc7 Ke7 37. Bb8 a6 38. Kb4 Kd7 39. Ka5
Bc2 40. b4 Bd3 41. Kxa6 Bxc4+ 42. Kb6 g5 43. g3 Bb5 44. Kc5 Ke6 45. Kd4 Kf5 46.
Ke3 Kg4 47. Kf2 Bc4 48. Bd6 h5 49. Kg1 f5 50. Kf2 Bd5 51. Be5 h4 52. Bd6 h3 53.
Be5 Kh5 54. Ke3 Kg6 55. Bd6 Kf6 56. Bc7 Ke6 57. Bd8 f4+ 58. gxf4 g4 59. Kf2 Kf5
60. Kg3 Be6 61. Be7 Ke4 62. Bc5 Bf5 1/2-1/2

[Event "SR 2. liga A 2002/2003"]
[Site "?"]
[Date "2002.11.10"]
[Round "4.4"]
[White "Vychodil, Michal"]
[Black "Skreno, Vladimir"]
[Result "0-1"]
[WhiteElo "2078"]
[BlackElo "2116"]
[PlyCount "110"]
[EventDate "2002.??.??"]

1. e4 c5 2. Nf3 Nc6 3. Bb5 g6 4. Nc3 Bg7 5. O-O e6 6. Bxc6 dxc6 7. d3 e5 8. h3
Ne7 9. Be3 b6 10. Qd2 O-O 11. Bh6 f6 12. Bxg7 Kxg7 13. Nh2 g5 14. Rad1 Be6 15.
Ne2 Qd7 16. g4 Ng6 17. f3 Rfd8 18. b3 a5 19. a4 Qf7 20. Qe1 Rd6 21. Rf2 Rad8
22. Nf1 h5 23. Nfg3 h4 24. Nf5+ Bxf5 25. gxf5 Ne7 26. Nc3 Nc8 27. Nb1 c4 28.
Qc3 cxb3 29. cxb3 c5 30. Na3 Rd4 31. Nc2 R4d7 32. Ne3 Ne7 33. Rb2 Nc6 34. Nd5
Rb7 35. Kg2 Nd4 36. Rdd2 Qh5 37. Rf2 Nxf5 38. f4 Rxd5 39. exd5 Ne3+ 40. Kh2 Nd1
41. Qc2 exf4 42. Rb1 Nxf2 43. Qxf2 Qf7 44. d6 Rd7 45. Rg1 Kh6 46. Rg4 Rxd6 47.
Rxf4 Kg6 48. Qg2 Qc7 49. Kg1 Qe7 50. Re4 Re6 51. Qg4 Rxe4 52. dxe4 Qe5 53. Kf2
f5 54. Qd1 fxe4 55. Qd7 Qd4+ 0-1

[Event "SR 2. liga A 2002/2003"]
[Site "?"]
[Date "2002.11.10"]
[Round "4.5"]
[White "Doucha, Ludvik"]
[Black "Eged, Igor"]
[Result "0-1"]
[WhiteElo "2107"]
[BlackElo "2076"]
[PlyCount "64"]
[EventDate "2002.??.??"]

1. e4 e6 2. d4 d5 3. e5 c5 4. dxc5 Nc6 5. Nf3 Nge7 6. Bf4 Ng6 7. Bg3 Bxc5 8.
Bd3 Qb6 9. Nbd2 Qxb2 10. Rb1 Qa3 11. O-O Bb6 12. Rb3 Qe7 13. c4 Na5 14. Rc3
dxc4 15. Nxc4 Nxc4 16. Rxc4 Bd7 17. a4 Bc6 18. h4 Qd7 19. Qe2 Ne7 20. Rd1 O-O-O
21. Bc2 Nd5 22. a5 Bxa5 23. Nd4 Nc3 24. Qf3 Nxd1 25. Nxc6 bxc6 26. Rxc6+ Bc7
27. Rc5 Kb8 28. Be4 Bb6 29. Rc6 Nxf2 30. Bxf2 Qd1+ 31. Kh2 Qxf3 32. Rxb6+ axb6
0-1

[Event "SR 2. liga A 2002/2003"]
[Site "?"]
[Date "2002.11.10"]
[Round "4.5"]
[White "Gasa, Andrej"]
[Black "Syrovy, Ivan"]
[Result "1-0"]
[WhiteElo "2151"]
[BlackElo "2066"]
[PlyCount "53"]
[EventDate "2002.??.??"]

1. e4 d6 2. d4 g6 3. Nf3 Bg7 4. Nc3 b6 5. Be3 Bb7 6. Bd3 Nd7 7. Qd2 a6 8. Ne2
Ngf6 9. Ng3 h6 10. h3 d5 11. e5 Ne4 12. Qe2 Nxg3 13. fxg3 e6 14. O-O Qe7 15.
Rae1 b5 16. c3 Nb6 17. Nh2 O-O-O 18. Rf2 Nc4 19. Bc1 c5 20. Ref1 Rdf8 21. Ng4
Bc6 22. b3 cxd4 23. bxc4 bxc4 24. Bxc4 dxc4 25. Qxc4 Kd7 26. Qxd4+ Kc7 27. Be3
1-0

[Event "SR 2. liga A 2002/2003"]
[Site "?"]
[Date "2002.11.10"]
[Round "4.5"]
[White "Hanzluvka, Peter"]
[Black "Labar, Eduard"]
[Result "1-0"]
[WhiteElo "2127"]
[BlackElo "2049"]
[PlyCount "127"]
[EventDate "2002.??.??"]

1. e4 c6 2. d4 d5 3. exd5 cxd5 4. Bd3 Nf6 5. c3 e6 6. Bf4 Bd6 7. Bxd6 Qxd6 8.
Nf3 Nbd7 9. O-O O-O 10. Re1 Re8 11. Ne5 Nf8 12. Nd2 N6d7 13. Qh5 g6 14. Qh4 Qe7
15. Qg3 Nf6 16. f4 Nh5 17. Qf3 Ng7 18. Ng4 f5 19. Ne5 Nd7 20. Qf2 Nxe5 21. Rxe5
Bd7 22. Rae1 Qf7 23. Nf3 Qf6 24. R5e3 Rac8 25. Ne5 Bc6 26. Rh3 Re7 27. Ree3 Be8
28. Reg3 Kh8 29. Be2 Nh5 30. Bxh5 gxh5 31. Rg5 Rg7 32. Rhg3 Rcc7 33. Rxg7 Rxg7
34. Rxg7 Kxg7 35. Qg3+ Kf8 36. Kf2 Ke7 37. Qg8 Qh6 38. Qg5+ Qxg5 39. fxg5 Ba4
40. Ke3 Bc2 41. g3 Ba4 42. Nd3 b6 43. Kf4 Kd6 44. Ne5 Be8 45. g6 hxg6 46. Kg5
a5 47. h4 b5 48. Kf6 b4 49. a3 bxa3 50. bxa3 a4 51. Kg5 Ke7 52. Nxg6+ Kf7 53.
Nf4 Ke7 54. Nxh5 Bb5 55. Nf4 Kf7 56. h5 Bd7 57. h6 Kg8 58. Kf6 Kh7 59. Nxe6
Kxh6 60. Kxf5 Bb5 61. Ke5 Bc4 62. Nc7 Kg5 63. Nxd5 Kg4 64. Ne3+ 1-0

[Event "SR 2. liga A 2002/2003"]
[Site "?"]
[Date "2002.11.10"]
[Round "4.5"]
[White "Kubis, Ivan"]
[Black "Srna, Jan"]
[Result "1-0"]
[WhiteElo "2105"]
[BlackElo "2073"]
[PlyCount "91"]
[EventDate "2002.??.??"]

1. e4 e6 2. d4 d5 3. Nc3 Bb4 4. e5 c5 5. a3 Ba5 6. b4 cxd4 7. Qg4 Ne7 8. bxa5
dxc3 9. Bd3 Nbc6 10. f4 g6 11. Ne2 Nf5 12. Nxc3 a6 13. Bd2 Nxa5 14. Rd1 h5 15.
Qf3 Nc6 16. O-O Qe7 17. Qf2 b5 18. Ra1 Nh6 19. h3 Kf8 20. Be3 Kg7 21. Bc5 Qd8
22. Bb6 Qd7 23. Rfd1 Bb7 24. Nb1 Rac8 25. Nd2 Qe8 26. Nb3 Ne7 27. Nc5 Qc6 28.
Nb3 Ba8 29. Nd4 Qb7 30. Rdb1 Kh7 31. Nf3 Nef5 32. a4 Kg7 33. axb5 axb5 34. Ra7
Qc6 35. Rxb5 d4 36. Rb3 Ng4 37. hxg4 hxg4 38. Ng5 Rcf8 39. Be4 Qc4 40. Bxa8
Rxa8 41. Rxf7+ Kg8 42. Ra7 Rb8 43. Ne4 Rc8 44. Bc5 Rh6 45. Nf6+ Kh8 46. Rbb7
1-0

[Event "SR 2. liga A 2002/2003"]
[Site "?"]
[Date "2002.11.10"]
[Round "4.5"]
[White "Stepanovic, Branislav"]
[Black "Kebis, Milos"]
[Result "1-0"]
[WhiteElo "2060"]
[BlackElo "2081"]
[PlyCount "99"]
[EventDate "2002.??.??"]

1. e4 g6 2. d4 Bg7 3. f4 d6 4. Nc3 Nf6 5. e5 Nfd7 6. Nf3 O-O 7. Be3 c5 8. dxc5
dxe5 9. fxe5 Nc6 10. Be2 Ndxe5 11. Nxe5 Nxe5 12. Qxd8 Rxd8 13. h3 Bf5 14. Rc1
Rac8 15. Kf2 h5 16. Rhd1 Rxd1 17. Nxd1 Nc6 18. c3 Be6 19. b4 Ne5 20. c4 Rd8 21.
a4 f5 22. a5 Nc6 23. Rb1 f4 24. Bxf4 Rf8 25. b5 Bd4+ 26. Kg3 Nxa5 27. Be3 Be5+
28. Kh4 Nxc4 29. Bg5 Kf7 30. Rb4 Na5 31. Ra4 b6 32. c6 Rd8 33. Bf3 Bc4 34. Rb4
Rd4+ 35. g4 hxg4 36. hxg4 Rd8 37. Kh3 Rh8+ 38. Kg2 Ke6 39. Ne3 Bd3 40. Bd5+ Kd6
41. Be4 Bxe4+ 42. Rxe4 Bf6 43. Bxf6 exf6 44. Rd4+ Ke5 45. Rd7 Ra8 46. Nd5 Nc4
47. c7 Nd6 48. Ne7 Re8 49. Nc6+ Kf4 50. Rxd6 1-0

[Event "SR 2. liga A 2002/2003"]
[Site "?"]
[Date "2002.11.10"]
[Round "4.5"]
[White "Sycova, Miroslava"]
[Black "Mandak, Miroslav"]
[Result "1-0"]
[WhiteElo "2058"]
[BlackElo "2089"]
[PlyCount "75"]
[EventDate "2002.??.??"]

1. e4 e6 2. d4 d5 3. Nd2 Nf6 4. e5 Nfd7 5. Bd3 c5 6. c3 Nc6 7. Ne2 Be7 8. O-O
Qb6 9. Nf3 Nf8 10. a3 c4 11. Bc2 Bd7 12. Rb1 Na5 13. Ng3 h5 14. Ng5 f6 15. Nh3
O-O-O 16. Nxh5 f5 17. Ng5 Be8 18. Ng3 Nh7 19. Nxh7 Rxh7 20. Nxf5 g6 21. Nxe7+
Rxe7 22. Bg5 Rh7 23. Bxd8 Qxd8 24. Qg4 Qe7 25. Rbe1 Nc6 26. f4 Qf7 27. Re3 Ne7
28. Rh3 Rg7 29. Rh8 Ng8 30. Rf3 Kc7 31. Rg3 Ne7 32. Qg5 Rh7 33. Rxh7 Qxh7 34.
Rh3 Qg7 35. Qf6 Qxf6 36. exf6 Ng8 37. Rh7+ Kd6 38. f7 1-0

[Event "SR 2. liga A 2002/2003"]
[Site "?"]
[Date "2002.11.10"]
[Round "4.6"]
[White "Ac, Alexander"]
[Black "Sekera, Branislav"]
[Result "0-1"]
[WhiteElo "2096"]
[BlackElo "2128"]
[PlyCount "74"]
[EventDate "2002.??.??"]

1. e4 c6 2. d4 d5 3. Nc3 dxe4 4. Nxe4 Bf5 5. Ng3 Bg6 6. h4 h6 7. h5 Bh7 8. Bd3
Bxd3 9. Qxd3 e6 10. Nf3 Nd7 11. Bd2 Ngf6 12. c4 Bd6 13. O-O-O O-O 14. Ne4 Nxe4
15. Qxe4 Rc8 16. g4 Nf6 17. Qe2 Nh7 18. Rdg1 Be7 19. g5 hxg5 20. h6 g6 21. Rg4
Bf6 22. Rhg1 c5 23. Nxg5 Nxg5 24. Bxg5 Bxg5+ 25. Rxg5 Qxd4 26. R1g4 Qf6 27. Qe3
b6 28. Re5 Kh7 29. Rf4 Qe7 30. Rfe4 Rc7 31. Qc3 Qf6 32. Qg3 Rd7 33. f4 Qd8 34.
Qg4 Rd4 35. Rxd4 Qxd4 36. Qg5 Qd8 37. Qxd8 Rxd8 {cas} 0-1

[Event "SR 2. liga A 2002/2003"]
[Site "?"]
[Date "2002.11.10"]
[Round "4.6"]
[White "Kuna, Vladimir"]
[Black "Puskas, Miroslav"]
[Result "1/2-1/2"]
[WhiteElo "2159"]
[BlackElo "2142"]
[PlyCount "53"]
[EventDate "2002.??.??"]

1. d4 Nf6 2. Nf3 d5 3. c4 e6 4. Bg5 Be7 5. Nc3 c6 6. e3 O-O 7. Rc1 Ne4 8. Bxe7
Qxe7 9. Bd3 f5 10. O-O Nd7 11. a3 Rf6 12. b4 Rh6 13. g3 g5 14. Ne1 Qf7 15. Bxe4
fxe4 16. f4 Qg6 17. fxg5 Qxg5 18. Rf4 Rg6 19. Ng2 h5 20. Qf1 Rf6 21. Rxf6 Nxf6
22. cxd5 exd5 23. Qf4 Qxf4 24. Nxf4 Bd7 25. Kg2 Kf7 26. h3 Rg8 27. Kh2 1/2-1/2

[Event "SR 2. liga A 2002/2003"]
[Site "?"]
[Date "2002.11.10"]
[Round "4.6"]
[White "Raczko, Peter"]
[Black "Pobjecky, Ivan"]
[Result "1-0"]
[WhiteElo "2002"]
[BlackElo "2005"]
[PlyCount "73"]
[EventDate "2002.??.??"]

1. e4 c5 2. c3 g6 3. d4 cxd4 4. Qxd4 Nf6 5. Bc4 Nc6 6. Qe3 d6 7. Ne2 Bg7 8. O-O
O-O 9. f4 Qc7 10. Na3 a6 11. Bb3 b5 12. Nc2 Na5 13. Ncd4 e5 14. Nc2 Nxb3 15.
axb3 Nxe4 16. fxe5 Bb7 17. exd6 Qxd6 18. Ncd4 Rfe8 19. Qh3 Nc5 20. Bh6 Nxb3 21.
Rad1 Nxd4 22. Nxd4 Bxh6 23. Qxh6 Rad8 24. Rxf7 Kxf7 25. Qxh7+ Kf6 26. Rf1+ Ke5
27. Qxb7 Rc8 28. Qf3 Qc5 29. Qf7 Kd6 30. Rf6+ Ke5 31. Qxg6 Kd5 32. Rf5+ Re5 33.
Qe6+ Ke4 34. Rxe5+ Qxe5 35. Qxc8 Qf4 36. Qe6+ Kd3 37. Qe2# 1-0

[Event "SR 2. liga A 2002/2003"]
[Site "?"]
[Date "2002.11.10"]
[Round "4.6"]
[White "Sabolik, Frantisek"]
[Black "Gajarsky, Roman"]
[Result "1/2-1/2"]
[WhiteElo "2129"]
[BlackElo "2051"]
[PlyCount "65"]
[EventDate "2002.??.??"]

1. d4 d5 2. c4 e6 3. Nc3 Nf6 4. Bg5 Be7 5. e3 c6 6. Nf3 Nbd7 7. Rc1 O-O 8. a3
b6 9. Bd3 Bb7 10. Bxf6 Nxf6 11. O-O Re8 12. Ne5 c5 13. cxd5 exd5 14. Ne2 c4 15.
Bb1 b5 16. Ng3 Bd6 17. f4 Rc8 18. Nh5 Rc7 19. Qf3 Bf8 20. Ng3 Qc8 21. Ne2 Ne4
22. Rfd1 f6 23. Ng4 Qe6 24. f5 Qf7 25. Nf4 Bc8 26. Nh3 Ree7 27. Rf1 Nd2 28. Qg3
Kh8 29. Nf4 Ne4 30. Bxe4 Rxe4 31. Ne2 Qh5 32. h3 Bxf5 33. Nc3 1/2-1/2

[Event "SR 2. liga A 2002/2003"]
[Site "?"]
[Date "2002.11.10"]
[Round "4.6"]
[White "Stefan, Oldrich"]
[Black "Kruppa, Dominik"]
[Result "1-0"]
[WhiteElo "2050"]
[BlackElo "2091"]
[PlyCount "101"]
[EventDate "2002.??.??"]

1. d4 d5 2. Nf3 Nf6 3. c4 c6 4. e3 a6 5. Nc3 b5 6. b3 e6 7. cxd5 cxd5 8. Bd3
Bb7 9. O-O Nbd7 10. Bb2 Bd6 11. Rc1 O-O 12. Bb1 Qe7 13. Re1 Ne4 14. Qe2 b4 15.
Na4 Qf6 16. Nd2 Qh6 17. Nf1 f5 18. f3 Nef6 19. g3 g5 20. Nd2 g4 21. f4 Qg6 22.
Nc5 Bxc5 23. dxc5 Nb8 24. a3 Nc6 25. axb4 Nxb4 26. Ba3 Nc6 27. b4 h5 28. Qd3
Qh6 29. Nb3 h4 30. Qf1 hxg3 31. hxg3 d4 32. exd4 Ne5 33. Rxe5 Qh1+ 34. Kf2 Qf3+
35. Ke1 Qxg3+ 36. Qf2 Qxb3 37. Re3 Qd5 38. Ba2 Qh1+ 39. Ke2 Bf3+ 40. Kd2 Qh6
41. Bxe6+ Kg7 42. Qg3 Ne4+ 43. Rxe4 Bxe4 44. d5 Rfd8 45. Bb2+ Kf8 46. Ke3 Qh3
47. Rg1 Rab8 48. Qxh3 gxh3 49. Rg8+ Ke7 50. Rg7+ Kf8 51. Bf6 1-0